21 Most Corrupt Countries Quiz Stats

 Plays Quiz Updated Mar 18, 2017

Support Sporcle.
Go Orange.
Score 0/21 Timer 04:00
4 Plays Today
Rank Country % Correct
3North Korea
71.2%
8 (tie)Iraq
70.9%
1Somalia
63.7%
5 (tie)Sudan
63%
6Afghanistan
61.8%
5 (tie)Libya
55.5%
8 (tie)Venezuela
52%
4Syria
52%
10 (tie)Chad
51.3%
2South Sudan
49.6%
11 (tie)Dem. Rep. of the Congo
48.4%
Rank Country % Correct
10 (tie)Cen. Afr. Rep.
44.8%
10 (tie)Haiti
42.3%
9 (tie)Angola
40.3%
5 (tie)Yemen
39.2%
11 (tie)Uzbekistan
37.9%
11 (tie)Cambodia
35.8%
9 (tie)Eritrea
32%
7Guinea-Bissau
27.3%
10 (tie)Rep of the Congo
25.9%
10 (tie)Burundi
23.8%

You're not logged in!

Compare scores with friends on all Sporcle quizzes.
OR
Log In
Forgot?

From the Vault

20 Famous Punk Bands

by sweett310

This quiz proves you don't need to be photogenic to be in a punk band, you just need a lot of attitude and hair dye.
Remove Ads.
Support Sporcle.
Get the best of Sporcle when you Go Orange. This ad-free experience offers more features, more stats, and more fun while also helping to support Sporcle. Thank you for becoming a member.

Show Comments

Extras

Top Quizzes Today


Score Distribution

Your Account Isn't Verified!

In order to create a playlist on Sporcle, you need to verify the email address you used during registration. Go to your Sporcle Settings to finish the process.

Report this User

Report this user for behavior that violates our Community Guidelines.

Details: